LEADER 01873nam 2200373 450 001 9910131222803321 005 20240207180242.0 010 $a1-4123-5705-5 035 $a(CKB)3680000000167092 035 $a(NjHacI)993680000000167092 035 $a(EXLCZ)993680000000167092 100 $a20240207d2007 uy 0 101 0 $afre 135 $aur||||||||||| 181 $ctxt$2rdacontent 182 $cc$2rdamedia 183 $acr$2rdacarrier 200 10$a"--Et si le travail tombait enceinte?" $eessai fe?ministe sur le concept travail /$fLouise Vandelac 210 1$aChicoutimi :$cJ.-M. Tremblay,$d2007. 215 $a1 online resource 225 1 $aClassiques des sciences sociales 327 $a« Les (e) du masculin. Ou ne vivre qu'entre parenthe?ses. » -- Seconde phase : le « forcing the?orique ». -- Des crayons roses pour les filles. -- COMMENT ALORS AMORCER UNE AUTRE ANALYSE ? -- « Au travail. Maintenant. » -- « L'inconsciente parthe?noge?ne?se masculine » -- « Maman Engels » -- LA NAISSANCE DU TRAVAIL : MAIS C'EST L'ENFANCE DE L'ART! -- « J'suis en travail. Mais j'travaille pas ! » -- Les frontie?res du salaire! -- « La circularite? visqueuse d'une certaine logique. » -- « Sous les pave?s de la famille ». -- « Ah nature quand tu nous tiens ! » -- « Sortir de la nature » et entrer dans le travail ». -- « Le corps du travail. » -- « Le travail prend corps. » -- CONCLUSION -- Re?sume?. 410 0$aClassiques des sciences sociales. 517 $a"--Et si le travail tombait enceinte???" 606 $aRegional planning 615 0$aRegional planning. 676 $a307.12 700 $aVandelac$b Louise$0938640 801 0$bNjHacI 801 1$bNjHacl 906 $aBOOK 912 $a9910131222803321 996 $a"--Et si le travail tombait enceinte?"$93909826 997 $aUNINA